[Event "Hamburg Easter op"]
[Site "Hamburg"]
[Date "2023.04.08"]
[Round "4"]
[White "Hovhannisyan, Artur"]
[Black "Fabig, Holger"]
[Result "1-0"]
[WhiteElo "2198"]
[BlackElo "1990"]
[PlyCount "67"]
[EventDate "2023.04.07"]
[EventType "swiss"]
[EventRounds "7"]
[EventCountry "GER"]
[SourceTitle "EXT 2024"]
[Source "ChessBase"]
[SourceDate "2023.10.10"]
[SourceVersion "1"]
[SourceVersionDate "2023.10.10"]
[SourceQuality "1"]

1. e4 e6 2. d4 b6 3. c4 Bb7 4. Nc3 Bb4 5. f3 Qe7 6. Bd3 e5 7. d5 Bxc3+ 8. bxc3 d6 9. Ne2 Nd7 10. 0-0 Ngf6 11. Ng3 0-0-0 12. Be3 Rdg8 13. Qc2 h5 14. Nf5 Qf8 15. h4 Nh7 16. Qd2 Qd8 17. f4 Rf8 18. Nxg7 Qxh4 19. Nf5 Qd8 20. c5 dxc5 21. a4 a5 22. Rad1 Nhf6 23. fxe5 Nxe5 24. Bg5 Rhg8 25. Ng7 Neg4 26. Nxh5 Qd6 27. Bf4 Qe7 28. Ng3 Kb8 29. Nf5 Qd8 30. d6 cxd6 31. Nxd6 Ka7 32. Qe2 Nh5 33. Nxb7 Kxb7 34. Ba6+ 1-0

[Event "Hamburg Easter op"]
[Site "Hamburg"]
[Date "2023.04.07"]
[Round "2"]
[White "Hovhannisyan, Artur"]
[Black "Klaas, Heiko"]
[Result "1/2-1/2"]
[WhiteElo "2198"]
[BlackElo "1965"]
[PlyCount "110"]
[EventDate "2023.04.07"]
[EventType "swiss"]
[EventRounds "7"]
[EventCountry "GER"]
[SourceTitle "EXT 2024"]
[Source "ChessBase"]
[SourceDate "2023.10.10"]
[SourceVersion "1"]
[SourceVersionDate "2023.10.10"]
[SourceQuality "1"]

1. Nf3 d5 2. e3 Nf6 3. c4 e6 4. b3 c5 5. Bb2 Nc6 6. cxd5 exd5 7. Bb5 Bg4 8. h3 Bh5 9. g4 Bg6 10. Ne5 Qc7 11. f4 Bd6 12. Nf3 h6 13. 0-0 0-0 14. Bxf6 gxf6 15. f5 Bh7 16. Bxc6 Qxc6 17. Nc3 d4 18. exd4 cxd4 19. Ne2 d3 20. Nc3 Rfe8 21. Kg2 b5 22. a3 a5 23. Qb1 Bf4 24. Rf2 Rad8 25. b4 Bxd2 26. Rxd2 Qxc3 27. Qb2 axb4 28. axb4 Qc6 29. Rc1 Qd6 30. Rcd1 Re3 31. Re1 Rde8 32. Rxe3 Rxe3 33. Qd4 Qe7 34. Rxd3 Rxd3 35. Qxd3 Qxb4 36. Nd4 h5 37. Kf3 hxg4+ 38. hxg4 Qd6 39. Qe3 b4 40. Ne2 Qd1 41. Kg3 Qe1+ 42. Kf3 b3 43. Qc3 Qf1+ 44. Ke3 Qh3+ 45. Kf4 Qh2+ 46. Kf3 Qb8 47. Qb2 Qb7+ 48. Kg3 Qe4 49. Nc1 Qe3+ 50. Kg2 Qf4 51. Kh3 Qf3+ 52. Kh4 Qf4 53. Kh3 Qf3+ 54. Kh4 Qf4 55. Kh3 Qf3+ 1/2-1/2

[Event "BL2-Nord 2223"]
[Site "Germany"]
[Date "2023.03.19"]
[Round "10.8"]
[White "Hovhannisyan, Artur"]
[Black "Dimitrijeski, Kristian"]
[Result "1-0"]
[WhiteElo "2169"]
[BlackElo "2135"]
[PlyCount "57"]
[EventDate "2022.10.22"]
[EventType "team-tourn"]
[EventRounds "10"]
[EventCountry "GER"]
[SourceTitle "EXT 2024"]
[Source "ChessBase"]
[SourceDate "2023.10.10"]
[SourceVersion "1"]
[SourceVersionDate "2023.10.10"]
[SourceQuality "1"]
[WhiteTeam "Norderstedt"]
[BlackTeam "Koenig Tegel"]
[WhiteTeamCountry "GER"]
[BlackTeamCountry "GER"]

1. e4 e5 2. Nf3 Nc6 3. Bb5 Nf6 4. 0-0 Nxe4 5. Re1 Nd6 6. Nxe5 Be7 7. Bd3 Nxe5 8. Rxe5 0-0 9. Nc3 Bf6 10. Re3 g6 11. b3 b6 12. Ba3 c5 13. Qg4 Bb7 14. Rae1 Re8 15. b4 Rxe3 16. Rxe3 Bd4 17. Re2 f5 18. Qf4 Qf6 19. bxc5 bxc5 20. h4 Nf7 21. Bc4 d6 22. Re6 Qd8 23. Rxd6 Qe7 24. Rxd4 Qe1+ 25. Kh2 cxd4 26. Qc7 Qe8 27. Qxb7 Rd8 28. Nd5 Kg7 29. Be7 1-0

[Event "BL2-Nord 2223"]
[Site "Germany"]
[Date "2023.03.18"]
[Round "9.8"]
[White "Lagunow, Alexander"]
[Black "Hovhannisyan, Artur"]
[Result "1/2-1/2"]
[WhiteElo "2360"]
[BlackElo "2169"]
[PlyCount "85"]
[EventDate "2022.10.22"]
[EventType "team-tourn"]
[EventRounds "10"]
[EventCountry "GER"]
[SourceTitle "EXT 2024"]
[Source "ChessBase"]
[SourceDate "2023.10.10"]
[SourceVersion "1"]
[SourceVersionDate "2023.10.10"]
[SourceQuality "1"]
[WhiteTeam "Zehlendorf"]
[BlackTeam "Norderstedt"]
[WhiteTeamCountry "GER"]
[BlackTeamCountry "GER"]

1. d4 Nf6 2. c4 e6 3. Nc3 d5 4. cxd5 exd5 5. Bg5 c6 6. e3 Be7 7. Bd3 Nbd7 8. Nge2 Nf8 9. Qc2 Ne6 10. Bxf6 Bxf6 11. 0-0 g6 12. b4 0-0 13. Na4 Ng7 14. b5 cxb5 15. Bxb5 Bf5 16. Bd3 Rc8 17. Nac3 Qa5 18. Bxf5 Nxf5 19. Qb3 Rfd8 20. Qxb7 Rxc3 21. Nxc3 Qxc3 22. Qxa7 Rc8 23. Qb7 Qc4 24. a4 Nd6 25. Qb2 Qc6 26. Rfb1 Bd8 27. a5 Nc4 28. Qb5 Qxb5 29. Rxb5 Bxa5 30. Rxd5 Bb4 31. g4 Na3 32. Rd7 Rc2 33. Ra7 Nc4 34. R1a2 Nb2 35. Kg2 Be1 36. Rb7 Rxf2+ 37. Kg1 Nd1 38. Rxf2 Bxf2+ 39. Kf1 Bh4 40. Ke2 Nf2 41. Kf3 Kg7 42. e4 Nh3 43. g5 1/2-1/2

[Event "BL2-Nord 2223"]
[Site "Germany"]
[Date "2022.10.22"]
[Round "1.7"]
[White "Ertan, Can"]
[Black "Hovhannisyan, Artur"]
[Result "0-1"]
[WhiteElo "2372"]
[BlackElo "2169"]
[PlyCount "186"]
[EventDate "2022.10.22"]
[EventType "team-tourn"]
[EventRounds "10"]
[EventCountry "GER"]
[SourceTitle "EXT 2024"]
[Source "ChessBase"]
[SourceDate "2023.10.10"]
[SourceVersion "1"]
[SourceVersionDate "2023.10.10"]
[SourceQuality "1"]
[WhiteTeam "St Pauli"]
[BlackTeam "Norderstedt"]
[WhiteTeamCountry "GER"]
[BlackTeamCountry "GER"]

1. e4 c5 2. Nf3 Nc6 3. d4 cxd4 4. Nxd4 Qb6 5. Nb3 Nf6 6. Nc3 e6 7. Bd3 a6 8. 0-0 d6 9. a4 Be7 10. a5 Qc7 11. Be3 Bd7 12. Na4 Ne5 13. Bb6 Qc8 14. Bd4 Bxa4 15. Rxa4 0-0 16. Bxe5 dxe5 17. Nd2 Nd7 18. Qe2 Rd8 19. Rc4 Qb8 20. Qe3 Qd6 21. Rd1 b5 22. axb6 Nxb6 23. Rc3 Na4 24. Rb3 Rab8 25. Nc4 Qc7 26. Rxb8 Rxb8 27. b3 Nb6 28. Nxb6 Rxb6 29. Ra1 Bc5 30. Qc1 Bd4 31. Ra4 a5 32. Qe1 Bc3 33. Qe3 Rb4 34. Ra2 Rd4 35. g3 h6 36. Bc4 Rd1+ 37. Kg2 Bb4 38. c3 Bc5 39. Qe2 Qd6 40. h4 g6 41. h5 g5 42. Qf3 Kg7 43. Rxa5 Rd2 44. Be2 Qc7 45. Ra1 Qb7 46. Rd1 Rb2 47. b4 Bb6 48. Rd6 Qc7 49. Rd3 Qa7 50. Rd1 Ra2 51. Kf1 Rb2 52. g4 Ra2 53. Qg3 Qc7 54. c4 Rxe2 55. Kxe2 Qxc4+ 56. Qd3 Qxb4 57. Kf3 Bd4 58. Rb1 Qc5 59. Qe2 Qa7 60. Kg3 Qa3+ 61. Kg2 Qa7 62. Rb3 Qc7 63. Rf3 Qc1 64. Kg3 Qg1+ 65. Kh3 Qh1+ 66. Kg3 Qh4+ 67. Kg2 Qxg4+ 68. Kf1 Qxh5 69. Kg2 Qg4+ 70. Kf1 h5 71. Qd3 h4 72. Qe2 Qh5 73. Kg2 g4 74. Rb3 Qg5 75. Rd3 Qf4 76. Rd2 Kg6 77. Ra2 Kg5 78. Ra8 h3+ 79. Kh1 Qc1+ 80. Kh2 f5 81. Rg8+ Kf4 82. Rg6 Qb2 83. Qxb2 Bxb2 84. Rxe6 Kxe4 85. Kg3 Bc1 86. f3+ gxf3 87. Rc6 Be3 88. Kxh3 Kf4 89. Rc3 e4 90. Rb3 Bd2 91. Ra3 e3 92. Ra4+ Kg5 93. Kg3 e2 0-1

[Event "DSOL 01 Liga Gr-C 1st"]
[Site "Playchess.com INT"]
[Date "2020.07.23"]
[Round "5.1"]
[White "Engel, Luis"]
[Black "Hovhannisyan, Artur"]
[Result "1-0"]
[WhiteElo "2551"]
[BlackElo "2173"]
[PlyCount "69"]
[EventDate "2020.06.22"]
[EventType "team-tourn (rapid)"]
[EventCountry "GER"]
[SourceTitle "EXT 2021"]
[Source "ChessBase"]
[SourceDate "2020.10.23"]
[SourceVersion "1"]
[SourceVersionDate "2020.10.23"]
[SourceQuality "1"]
[WhiteTeam "Hamburger SK"]
[BlackTeam "Norderstedt II"]
[WhiteTeamCountry "GER"]
[BlackTeamCountry "GER"]

1. e4 d5 2. exd5 Nf6 3. d4 Bg4 4. Bb5+ Nbd7 5. Be2 Bxe2 6. Qxe2 Nxd5 7. Nf3 e6 8. 0-0 Be7 9. c4 N5f6 10. Nc3 0-0 11. Bf4 c6 12. Rad1 Re8 13. Rfe1 Qa5 14. h3 Rad8 15. Rd3 b5 16. Ng5 h6 17. Nxf7 Kxf7 18. Qxe6+ Kf8 19. Rde3 b4 20. Ne4 Nxe4 21. Rxe4 Nf6 22. Re5 Qc7 23. Qf5 Qd7 24. Qg6 Bd6 25. Rxe8+ Rxe8 26. Rxe8+ Nxe8 27. Bd2 Bc5 28. dxc5 Qxd2 29. Qf5+ Nf6 30. Qc8+ Ke7 31. Qxc6 Qe1+ 32. Kh2 Qe5+ 33. Kg1 Qe1+ 34. Kh2 Qe5+ 35. Kg1 1-0

[Event "GER-chT U16"]
[Site "Aurich"]
[Date "2018.12.28"]
[Round "4.2"]
[White "Freiherr von Hauff, Christopher V"]
[Black "Hovhannisyan, Artur"]
[Result "0-1"]
[WhiteElo "1802"]
[BlackElo "2104"]
[PlyCount "76"]
[EventDate "2018.12.27"]
[EventType "team-swiss"]
[EventRounds "7"]
[EventCountry "GER"]
[SourceTitle "CBM 188 Extra"]
[Source "ChessBase"]
[SourceDate "2019.02.26"]
[SourceVersion "1"]
[SourceVersionDate "2019.02.26"]
[SourceQuality "1"]
[WhiteTeam "Bebenhausen"]
[BlackTeam "Harksheide"]
[WhiteTeamCountry "GER"]
[BlackTeamCountry "GER"]

1. e4 d5 2. exd5 Nf6 3. Bb5+ Bd7 4. Bc4 Bg4 5. f3 Bf5 6. Nc3 Nbd7 7. d4 Nb6 8. Bb3 Nbxd5 9. Nge2 e6 10. Ng3 Nxc3 11. bxc3 Bg6 12. 0-0 Be7 13. Qe2 0-0 14. f4 c5 15. Ba3 Qa5 16. Bb2 Rad8 17. Qf3 Qb6 18. Rab1 Rc8 19. Bc1 c4 20. Re1 cxb3 21. f5 Bxf5 22. Nxf5 exf5 23. Rxb3 Qd8 24. Rxb7 Rc7 25. Rb5 g6 26. Bf4 Bd6 27. Bh6 Re8 28. Rf1 Bxh2+ 29. Kh1 Ng4 30. Qh3 Nxh6 31. Qxh6 Bd6 32. Rb3 Re4 33. Kg1 Rh4 34. Qe3 Re7 35. Qg5 Rh5 36. Qd2 Re4 37. Rfb1 Qh4 38. d5 Bc5+ 0-1

[Event "GER-chT U16"]
[Site "Aurich"]
[Date "2018.12.28"]
[Round "3.2"]
[White "Hovhannisyan, Artur"]
[Black "Bethke, Robert"]
[Result "1/2-1/2"]
[WhiteElo "2104"]
[BlackElo "2000"]
[PlyCount "64"]
[EventDate "2018.12.27"]
[EventType "team-swiss"]
[EventRounds "7"]
[EventCountry "GER"]
[SourceTitle "CBM 188 Extra"]
[Source "ChessBase"]
[SourceDate "2019.02.26"]
[SourceVersion "1"]
[SourceVersionDate "2019.02.26"]
[SourceQuality "1"]
[WhiteTeam "Harksheide"]
[BlackTeam "Neuberg"]
[WhiteTeamCountry "GER"]
[BlackTeamCountry "GER"]

1. e4 e5 2. Nf3 Nf6 3. Nxe5 d6 4. Nf3 Nxe4 5. c4 Be7 6. Nc3 Nxc3 7. dxc3 Nc6 8. Be3 Be6 9. Qc2 Qd7 10. Bd3 h6 11. 0-0-0 0-0-0 12. Nd4 Kb8 13. Nxe6 fxe6 14. Be4 Ne5 15. Qb3 c6 16. Qb4 c5 17. Qb3 Qc7 18. h3 Rhf8 19. f4 Nc6 20. g4 g5 21. f5 exf5 22. Bxf5 Bf6 23. Bf2 Be5 24. Rhf1 Ne7 25. Be4 Rf4 26. Bg2 Rdf8 27. Be3 Rxf1 28. Rxf1 Rxf1+ 29. Bxf1 Ng6 30. Bg2 Bf4 31. Bxf4 Nxf4 32. Be4 Qe7 1/2-1/2

[Event "GER-chT U16"]
[Site "Aurich"]
[Date "2018.12.27"]
[Round "2.2"]
[White "Biermann, Lenhard"]
[Black "Hovhannisyan, Artur"]
[Result "0-1"]
[WhiteElo "2108"]
[BlackElo "2104"]
[PlyCount "112"]
[EventDate "2018.12.27"]
[EventType "team-swiss"]
[EventRounds "7"]
[EventCountry "GER"]
[SourceTitle "CBM 188 Extra"]
[Source "ChessBase"]
[SourceDate "2019.02.26"]
[SourceVersion "1"]
[SourceVersionDate "2019.02.26"]
[SourceQuality "1"]
[WhiteTeam "Bochum SG"]
[BlackTeam "Harksheide"]
[WhiteTeamCountry "GER"]
[BlackTeamCountry "GER"]

1. d4 Nf6 2. Nf3 e6 3. c4 c5 4. g3 cxd4 5. Nxd4 d5 6. Bg2 Nc6 7. cxd5 Nxd5 8. Nxc6 bxc6 9. 0-0 Ba6 10. Qc2 Qb6 11. a3 Bc5 12. Nc3 Nxc3 13. bxc3 0-0 14. Rb1 Qa5 15. c4 Rab8 16. Bf4 Rxb1 17. Rxb1 Qxa3 18. Bxc6 Bd4 19. Qe4 Qc5 20. e3 Bf6 21. Bb5 Bxb5 22. Rxb5 Qa3 23. Kg2 a6 24. Rh5 g6 25. Rh3 Qc5 26. g4 Rc8 27. Qf3 Qxc4 28. g5 Bg7 29. Rh4 Qd3 30. Bg3 Rc1 31. Qa8+ Bf8 32. Kh3 Rg1 33. e4 Qf3 34. Rf4 Qh5+ 35. Rh4 Qxg5 36. Qxa6 h5 37. Qd3 Qc1 38. Rf4 e5 39. Rxf7 Rxg3+ 40. Qxg3 Kxf7 41. Qxe5 Qf1+ 42. Kg3 Qg1+ 43. Kf3 Qg4+ 44. Ke3 Be7 45. Qd5+ Kg7 46. Qe5+ Bf6 47. Qc7+ Kh6 48. f3 Qg1+ 49. Ke2 Bg5 50. h4 Qe3+ 51. Kf1 Qxf3+ 52. Ke1 Qxe4+ 53. Kf1 Bxh4 54. Qc1+ Bg5 55. Qc3 Qf4+ 56. Kg2 Qd2+ 0-1

[Event "GER-ch U25-A"]
[Site "Willingen"]
[Date "2018.05.25"]
[Round "8"]
[White "Terhuven, Patrick"]
[Black "Hovhannisyan, Artur"]
[Result "1-0"]
[WhiteElo "2123"]
[BlackElo "2034"]
[PlyCount "87"]
[EventDate "2018.05.19"]
[EventType "swiss"]
[EventRounds "9"]
[EventCountry "GER"]
[SourceTitle "CBM 184 Extra"]
[Source "ChessBase"]
[SourceDate "2018.06.28"]
[SourceVersion "1"]
[SourceVersionDate "2018.06.28"]
[SourceQuality "1"]

1. d4 Nf6 2. Nf3 e6 3. g3 b5 4. a4 b4 5. Bg2 Bb7 6. c4 c5 7. 0-0 cxd4 8. Nbd2 d5 9. cxd5 Qxd5 10. Nb3 e5 11. e3 d3 12. Ne1 Qd7 13. Bxb7 Qxb7 14. Nxd3 Nbd7 15. e4 Be7 16. f3 0-0 17. Be3 Rac8 18. Qe2 Rfd8 19. Rac1 Qa6 20. a5 Nb8 21. Rxc8 Rxc8 22. Kf2 Nc6 23. Rc1 Rd8 24. Ndc5 Qxe2+ 25. Kxe2 Nd4+ 26. Bxd4 exd4 27. Nd3 g5 28. Rc7 Rd7 29. Rxd7 Nxd7 30. Nxd4 a6 31. Nc6 Bd6 32. Ncxb4 Bc7 33. Nc6 h5 34. f4 g4 35. b4 Kf8 36. Nde5 Nf6 37. Kd3 Ne8 38. Nd7+ Kg7 39. Nc5 h4 40. e5 h3 41. Nxa6 f6 42. b5 fxe5 43. fxe5 Kf7 44. b6 1-0

[Event "GER-ch U25-A"]
[Site "Willingen"]
[Date "2018.05.24"]
[Round "7"]
[White "Holtel, Jasper"]
[Black "Hovhannisyan, Artur"]
[Result "1/2-1/2"]
[WhiteElo "2236"]
[BlackElo "2034"]
[PlyCount "76"]
[EventDate "2018.05.19"]
[EventType "swiss"]
[EventRounds "9"]
[EventCountry "GER"]
[SourceTitle "CBM 184 Extra"]
[Source "ChessBase"]
[SourceDate "2018.06.28"]
[SourceVersion "1"]
[SourceVersionDate "2018.06.28"]
[SourceQuality "1"]

1. e4 c5 2. Nf3 Nc6 3. Bb5 e6 4. Bxc6 bxc6 5. 0-0 Ne7 6. d3 Ng6 7. Ng5 h6 8. Nh3 Be7 9. f4 d6 10. Nc3 Rb8 11. Qh5 Bf6 12. Nd1 c4 13. dxc4 Ba6 14. c3 Bxc4 15. Re1 0-0 16. Ne3 Qb6 17. g3 Ba6 18. Nf2 Qb5 19. Qxb5 Bxb5 20. Neg4 Bd8 21. f5 exf5 22. exf5 Ne7 23. f6 Nf5 24. fxg7 Kxg7 25. Ne3 Nxe3 26. Bxe3 Bb6 27. Rad1 Rfe8 28. Bxb6 Rxe1+ 29. Rxe1 axb6 30. Re3 c5 31. a3 d5 32. Re1 Rd8 33. Rd1 Re8 34. Nh3 Re2 35. b4 cxb4 36. axb4 Rc2 37. Rxd5 Bc6 38. Rd6 Rxc3 1/2-1/2

[Event "GER-ch U25-A"]
[Site "Willingen"]
[Date "2018.05.23"]
[Round "5"]
[White "Hovhannisyan, Artur"]
[Black "Isler, Benjamin"]
[Result "1-0"]
[WhiteElo "2034"]
[BlackElo "1814"]
[PlyCount "58"]
[EventDate "2018.05.19"]
[EventType "swiss"]
[EventRounds "9"]
[EventCountry "GER"]
[SourceTitle "CBM 184 Extra"]
[Source "ChessBase"]
[SourceDate "2018.06.28"]
[SourceVersion "1"]
[SourceVersionDate "2018.06.28"]
[SourceQuality "1"]

1. Nf3 g6 2. e3 Bg7 3. c4 f5 4. d4 Nf6 5. Nc3 d6 6. Be2 0-0 7. 0-0 Nc6 8. b3 e5 9. Bb2 e4 10. Nd2 Ne7 11. d5 c6 12. dxc6 bxc6 13. Qc2 Be6 14. Rfd1 Qc7 15. Rac1 Rac8 16. b4 a5 17. Nb3 d5 18. Nc5 Kf7 19. N3a4 f4 20. Nxe6 Kxe6 21. cxd5+ Nexd5 22. Rxd5 Nxd5 23. Nc5+ Kf7 24. Bxg7 Rfe8 25. Bd4 Re7 26. Nxe4 h6 27. Bh5 Kg8 28. Nf6+ Nxf6 29. Bxf6 Re6 1-0

[Event "GER-ch U14"]
[Site "Willingen"]
[Date "2016.05.21"]
[Round "9"]
[White "Hovhannisyan, Artur"]
[Black "Baltic, Fatih"]
[Result "1/2-1/2"]
[WhiteElo "1915"]
[BlackElo "2083"]
[PlyCount "100"]
[EventDate "2016.05.15"]
[EventType "swiss"]
[EventRounds "9"]
[EventCountry "GER"]
[SourceTitle "CBM 172 Extra"]
[Source "ChessBase"]
[SourceDate "2016.06.21"]
[SourceVersion "1"]
[SourceVersionDate "2016.06.21"]
[SourceQuality "1"]

1. e4 c5 2. Ne2 d6 3. g3 Nc6 4. Bg2 Bg4 5. c3 Ne5 6. 0-0 Qd7 7. f3 Bh3 8. d4 Bxg2 9. Kxg2 cxd4 10. cxd4 Nc4 11. b3 Nb6 12. Nbc3 g6 13. Be3 Bg7 14. Qd2 e6 15. Rac1 Ne7 16. a4 d5 17. Nb5 Nc6 18. e5 Nc8 19. h4 a6 20. Nbc3 h5 21. Ra1 Na5 22. Rfb1 Ne7 23. Nf4 Nec6 24. Nd3 b6 25. Ne2 Bf8 26. Ra2 Be7 27. Rc2 Kf8 28. Bh6+ Ke8 29. Qf4 Qd8 30. g4 Bf8 31. Bg5 Be7 32. Bxe7 Qxe7 33. g5 Kd7 34. Rbc1 Rac8 35. Rc3 Rhf8 36. Qd2 Na7 37. Rxc8 Rxc8 38. Nc5+ Kd8 39. Nxa6 Nxb3 40. Rxc8+ Kxc8 41. Qc3+ Kb7 42. Qxb3 Kxa6 43. Nc3 Qc7 44. Kf2 Qc6 45. Na2 Ka5 46. Nc3 b5 47. axb5 Nxb5 48. Nxb5 Qxb5 49. Qa3+ Kb6 50. Qd6+ Qc6 1/2-1/2

[Event "GER-ch U14"]
[Site "Willingen"]
[Date "2016.05.20"]
[Round "8"]
[White "Preissler, Niklas"]
[Black "Hovhannisyan, Artur"]
[Result "0-1"]
[WhiteElo "1944"]
[BlackElo "1915"]
[PlyCount "96"]
[EventDate "2016.05.15"]
[EventType "swiss"]
[EventRounds "9"]
[EventCountry "GER"]
[SourceTitle "CBM 172 Extra"]
[Source "ChessBase"]
[SourceDate "2016.06.21"]
[SourceVersion "1"]
[SourceVersionDate "2016.06.21"]
[SourceQuality "1"]

1. d4 Nf6 2. Nf3 e6 3. Bf4 c5 4. e3 Nc6 5. c3 Be7 6. Nbd2 Nh5 7. Bg3 Nxg3 8. hxg3 Qc7 9. Bd3 h6 10. Qe2 b6 11. a3 Bb7 12. Ba6 Bxa6 13. Qxa6 d5 14. Qd3 0-0-0 15. 0-0-0 c4 16. Qc2 f5 17. Kb1 b5 18. b4 a5 19. Qb2 Kd7 20. Kc2 Ra8 21. Ra1 Ra7 22. Rhb1 Rha8 23. Kd1 Ke8 24. Ne1 e5 25. dxe5 Nxe5 26. Ndf3 Nxf3 27. Nxf3 Bf6 28. Kd2 Kf7 29. Re1 Qd6 30. Nd4 Bxd4 31. exd4 f4 32. g4 Qg6 33. Qb1 Qxg4 34. Re5 Kg8 35. Qf5 Qxg2 36. Rae1 Rf8 37. Qe6+ Kh8 38. Rxd5 axb4 39. Qd6 bxc3+ 40. Kxc3 Rfa8 41. Rxb5 Rxa3+ 42. Kxc4 R3a4+ 43. Rb4 Rc8+ 44. Kb3 Rxb4+ 45. Qxb4 Qxf2 46. Ka3 Ra8+ 47. Kb3 Qa2+ 48. Kc3 Ra3+ 0-1

[Event "GER-ch U14"]
[Site "Willingen"]
[Date "2016.05.17"]
[Round "5"]
[White "Hovhannisyan, Artur"]
[Black "Meric, Geoffrey"]
[Result "1-0"]
[WhiteElo "1915"]
[BlackElo "1803"]
[PlyCount "137"]
[EventDate "2016.05.15"]
[EventType "swiss"]
[EventRounds "9"]
[EventCountry "GER"]
[SourceTitle "CBM 172 Extra"]
[Source "ChessBase"]
[SourceDate "2016.06.21"]
[SourceVersion "1"]
[SourceVersionDate "2016.06.21"]
[SourceQuality "1"]

1. d4 d5 2. c4 c6 3. Nc3 Nf6 4. Nf3 dxc4 5. a4 Bf5 6. e3 e6 7. Bxc4 Bb4 8. 0-0 0-0 9. h3 Nbd7 10. Qe2 Qe7 11. e4 Bg6 12. Bg5 h6 13. Bh4 e5 14. d5 Qd6 15. dxc6 Qxc6 16. Bb5 Qe6 17. Nd2 Nc5 18. Bxf6 Qxf6 19. Nd5 Qd6 20. Nxb4 Ne6 21. Nd5 Nd4 22. Qd3 f5 23. f3 a6 24. Bc4 Kh8 25. Nb3 b5 26. axb5 axb5 27. Rxa8 Rxa8 28. Bxb5 fxe4 29. fxe4 Qxd5 30. exd5 Bxd3 31. Bxd3 Nxb3 32. Rd1 Nd4 33. Re1 Re8 34. d6 g5 35. Rf1 Kg7 36. Bc4 Rd8 37. Rf7+ Kg6 38. d7 Nc6 39. Be6 Nd4 40. Bd5 Nb5 41. g4 Nc7 42. Bc4 Na6 43. Re7 Nc7 44. b4 Kf6 45. Rh7 Kg6 46. Bd3+ Kf6 47. Rxh6+ Kg7 48. Rd6 Kf7 49. Bf5 Nb5 50. Rc6 Nd4 51. Rc8 Ke7 52. Rxd8 Kxd8 53. Kf2 Ke7 54. Ke3 Nc6 55. b5 Nd8 56. Ke4 Kd6 57. b6 Nb7 58. Kd3 Nd8 59. Kc4 Ke7 60. Kd5 Nb7 61. Kxe5 Nd8 62. Kd5 Nb7 63. Kc6 Nd8+ 64. Kc7 Ne6+ 65. Bxe6 Kxe6 66. d8Q Ke5 67. b7 Kf4 68. b8Q Kg3 69. Qd3+ 1-0

[Event "GER-chT U14"]
[Site "Verden"]
[Date "2015.12.28"]
[Round "4.2"]
[White "Biastoch, Bennet"]
[Black "Hovhannisyan, Artur"]
[Result "1-0"]
[WhiteElo "1946"]
[BlackElo "1764"]
[PlyCount "111"]
[EventDate "2015.12.27"]
[EventType "team-swiss"]
[EventRounds "7"]
[EventCountry "GER"]
[SourceTitle "EXT 2017"]
[Source "ChessBase"]
[SourceDate "2016.10.25"]
[SourceVersion "1"]
[SourceVersionDate "2016.10.25"]
[SourceQuality "1"]
[WhiteTeam "Magdeburg Aufbau Elbe"]
[BlackTeam "Harksheide"]
[WhiteTeamCountry "GER"]
[BlackTeamCountry "GER"]

1. e4 c5 2. Nf3 d6 3. d4 cxd4 4. Nxd4 Nf6 5. Nc3 Nc6 6. Bg5 e6 7. Qd2 Be7 8. 0-0-0 a6 9. f4 0-0 10. Be2 Qc7 11. Bf3 Rd8 12. Qe3 h6 13. Bh4 Rb8 14. Bf2 Na5 15. Rhe1 b5 16. Nb3 Nc4 17. Qa7 Qxa7 18. Bxa7 Ra8 19. Bf2 e5 20. Nd5 Nxd5 21. exd5 Bf6 22. fxe5 Bxe5 23. Nd4 Bd7 24. g3 Re8 25. b3 Na5 26. Nc6 Bc3 27. Rxe8+ Bxe8 28. Rd3 Nxc6 29. dxc6 Ba5 30. Rxd6 Bc7 31. Rd3 b4 32. Bc5 a5 33. Bd6 Bxd6 34. Rxd6 Rc8 35. Bg4 Rc7 36. Rd8 Rxc6 37. Rxe8+ Kh7 38. Re5 Ra6 39. Bf5+ g6 40. Bd3 Ra7 41. Kb2 Kg7 42. a3 bxa3+ 43. Kxa3 f5 44. c4 Kf6 45. Re8 Rd7 46. Re3 g5 47. Rf3 f4 48. gxf4 g4 49. Re3 Rd4 50. Ka4 Rxf4 51. Kxa5 h5 52. c5 Kg5 53. c6 Rf6 54. Kb5 Kf4 55. Re1 Rh6 56. Re8 1-0

[Event "GER-ch U14"]
[Site "Willingen"]
[Date "2015.05.30"]
[Round "9"]
[White "Hovhannisyan, Artur"]
[Black "Riedel, Erich"]
[Result "1/2-1/2"]
[WhiteElo "1831"]
[BlackElo "1754"]
[PlyCount "59"]
[EventDate "2015.05.24"]
[EventType "swiss"]
[EventRounds "9"]
[EventCountry "GER"]
[SourceTitle "CBM 166 Extra"]
[Source "ChessBase"]
[SourceDate "2015.06.18"]
[SourceVersion "1"]
[SourceVersionDate "2015.06.18"]
[SourceQuality "1"]

1. e4 e6 2. d4 d5 3. Nc3 Nf6 4. Bg5 Be7 5. e5 Nfd7 6. Bxe7 Qxe7 7. f4 a6 8. Nf3 c5 9. Qd2 Nc6 10. 0-0-0 b5 11. g4 c4 12. f5 Nb6 13. Qf4 b4 14. f6 Qf8 15. Ne2 g6 16. h4 h6 17. Bg2 Na4 18. Nd2 c3 19. Nc4 cxb2+ 20. Kb1 Kd7 21. Nd6 a5 22. Rd2 Ba6 23. Ng3 Na7 24. Bf1 Nc3+ 25. Kxb2 Nab5 26. Bxb5+ Nxb5 27. Nxb5 Bxb5 28. Ne2 Rc8 29. Nc1 Bc4 30. Rg1 1/2-1/2

[Event "GER-ch U14"]
[Site "Willingen"]
[Date "2015.05.29"]
[Round "8"]
[White "Wolf, Philipp"]
[Black "Hovhannisyan, Artur"]
[Result "0-1"]
[WhiteElo "1347"]
[BlackElo "1831"]
[PlyCount "52"]
[EventDate "2015.05.24"]
[EventType "swiss"]
[EventRounds "9"]
[EventCountry "GER"]
[SourceTitle "CBM 166 Extra"]
[Source "ChessBase"]
[SourceDate "2015.06.18"]
[SourceVersion "1"]
[SourceVersionDate "2015.06.18"]
[SourceQuality "1"]

1. d4 d5 2. Nc3 Nf6 3. Bf4 c6 4. Qd2 Bf5 5. f3 h5 6. 0-0-0 Nbd7 7. Re1 Nb6 8. e4 Bg6 9. exd5 Nbxd5 10. Bc4 e6 11. Nxd5 Nxd5 12. Ne2 Be7 13. Nc3 Bb4 14. Bxd5 cxd5 15. a3 Ba5 16. Qe3 0-0 17. h4 Rc8 18. b4 Bc7 19. Bxc7 Qxc7 20. Kb2 a5 21. g4 axb4 22. axb4 Qc4 23. gxh5 Qxb4+ 24. Ka1 Rxc3 25. Qxc3 Ra8+ 26. Qa3 Rxa3# 0-1

[Event "GER-ch U14"]
[Site "Willingen"]
[Date "2015.05.26"]
[Round "4"]
[White "Renger, Niklas"]
[Black "Hovhannisyan, Artur"]
[Result "1-0"]
[WhiteElo "2029"]
[BlackElo "1831"]
[PlyCount "67"]
[EventDate "2015.05.24"]
[EventType "swiss"]
[EventRounds "9"]
[EventCountry "GER"]
[SourceTitle "CBM 166 Extra"]
[Source "ChessBase"]
[SourceDate "2015.06.18"]
[SourceVersion "1"]
[SourceVersionDate "2015.06.18"]
[SourceQuality "1"]

1. e4 d5 2. exd5 Nf6 3. Bb5+ Bd7 4. Bc4 Bg4 5. f3 Bf5 6. Nc3 Nbd7 7. Nge2 Nb6 8. Bb3 Nfxd5 9. 0-0 Qd7 10. a4 a5 11. d4 e6 12. Nxd5 Nxd5 13. Nf4 c6 14. Nxd5 cxd5 15. Bf4 Bd6 16. Bxd6 Qxd6 17. Qe2 0-0 18. c3 Qb6 19. Ba2 Rad8 20. h4 h5 21. Rae1 Rfe8 22. Qf2 Bd3 23. Bb1 Bxf1 24. Kxf1 g6 25. Qd2 e5 26. dxe5 d4 27. Ba2 dxc3 28. Qh6 Qa6+ 29. Kg1 Qd3 30. e6 fxe6 31. Rxe6 Qd4+ 32. Re3+ Rd5 33. Bxd5+ Qxd5 34. Rxe8+ 1-0